65-E MAP : Randolph Air Force Base Texas.

Yearbook.

Bibliographic Details
Corporate Author: United States. Air Force. Air Training Command
Format: Book
Language:English
Published: [Randolph Air Force Base, Texas] : [3512th Pilot Training Squadron], [1965]
Subjects:

MARC

Tag First Indicator Second Indicator Subfields
LEADER 00000nam a2200000Ii 4500
001 in00004030421
005 20190226144507.0
008 190226s1965 txuac 000 0 eng d
035 |a (OCoLC)on1088506363 
040 |a TXA  |b eng  |e rda  |c TXA 
035 |a (OCoLC)1088506363 
043 |a n-us-tx 
090 |a UG638.3.T4  |b A15 1965 
049 |a TXAM 
245 0 0 |a 65-E MAP :  |b Randolph Air Force Base Texas. 
246 3 |a Class 65-E Military Assistance Program 
264 1 |a [Randolph Air Force Base, Texas] :  |b [3512th Pilot Training Squadron],  |c [1965] 
264 3 |a San Antonio, Texas :  |b Crown Ptg. Co. 
300 |a 32 unnumbered pages :  |b illustrations (some color), portraits ;  |c 28 cm 
336 |a text  |b txt  |2 rdacontent 
337 |a unmediated  |b n  |2 rdamedia 
338 |a volume  |b nc  |2 rdacarrier 
500 |a Cover title. 
520 |a Yearbook. 
500 |a The Cushing Library/Ragan Military copy is a gift of Ann, Fred, and Tracie Burns for the Major Curtis Burns '52 Aviation Collection. 
650 0 |a Air pilots, Military  |x Training  |z Texas  |z Randolph Air Force Base. 
651 0 |a Randolph Air Force Base (Tex.)  |x History. 
710 1 |a United States.  |b Air Force.  |b Air Training Command. 
994 |a C0  |b TXA 
948 |a cataloged  |b h  |c 2019/2/26  |d o  |e nbehmer  |f 2:44:31 pm 
999 f f |s 47154066-74d4-3381-89d0-b4857ca7e598  |i 59f6fca4-8fda-3c14-b2c2-b79eb2fc4880  |t 0 
952 f f |p noncirc  |a Texas A&M University  |b College Station  |c Cushing Memorial Library & Archives  |d Cushing: Ragan Military (Does not check out)  |t 0  |e UG638.3.T4 A15 1965  |f Vertical file  |h Library of Congress classification  |i unmediated -- volume 
998 f f |a UG638.3.T4 A15 1965  |t 0  |l Cushing: Ragan Military (Does not check out)